| 000 | 01050nam a22002177a 4500 | ||
|---|---|---|---|
| 999 |
_c21035 _d21035 |
||
| 003 | AR-CdUCM | ||
| 008 | 190725b ||||| |||| 00| 0 spa d | ||
| 020 | _a9972-614-34-4 | ||
| 040 |
_aMUNICIPALIDAD PROVINCIAL DEL CUSCO _cBIBLIOTECA MUNICIPAL DEL CUSCO |
||
| 082 |
_a338.4791 / _bB22 |
||
| 110 |
_aMIN-CETUR _943833 |
||
| 245 |
_aLos baños del Inca de Cajamarca : _baguas termales para el nuevo milenio / |
||
| 260 |
_aLima : _bMincetur, _c2005. |
||
| 300 |
_a157 páginas ; _bfotografías ; ilustraciones ; mapas ; _c30 cm. |
||
| 505 | _aContenido : Los baños del inca, un motivo para visitar Cajamarca -- Ubicación y datos generales -- Características del lugar como atractivo turístico -- Contexto turístico de los baños del inca -- Cajamarca y "los demás" Baños del Inca -- Los baños del Inca en la historia -- Referencias preincas e incas -- Los curacas cajamarquinos y los Baños del Inca ... | ||
| 650 |
_aHistoria _9136 |
||
| 650 |
_aTurismo _94560 |
||
| 650 |
_aBaños del inca _943834 |
||
| 942 |
_2ddc _cLIBROS |
||
| 945 | _azta | ||